000 00317pam a2200133 a 4500
020 _c
041 _h
082 _a745.4
_bSHA
100 _aPage One .
245 _aInforgraphics Designing and Visualizing Data
_hTextual Documents
260 _a[s.l]:
_bPage one ,
_c2014.
300 _a239:
_bHard.
930 _a7169
999 _c240959
_d240959